La náusea /
Guardado en:
| Autor Principal: | |
|---|---|
| Formato: | Libro |
| Publicado: |
Buenos Aires :
Losada,
1999
|
| Edición: | 25 ed. |
| Series: | Biblioteca Clásica y Contemporánea
|
| Materias: | |
| Etiquetas: |
Agregar Etiqueta
Sin Etiquetas, Sea el primero en etiquetar este registro!
|
| LEADER | 00612nam a22001935a 4500 | ||
|---|---|---|---|
| 001 | EHU.bham022607 | ||
| 008 | 130507s1999##################000#0#####d | ||
| 005 | 20230816081112.0 | ||
| 245 | 1 | 0 | |a La náusea / |c Jean-Paul Sartre ; trad. por Aurora Bernárdez. |
| 250 | |a 25 ed. | ||
| 260 | |a Buenos Aires : |b Losada, |c 1999 | ||
| 300 | |a 198 p. | ||
| 490 | 0 | |a Biblioteca Clásica y Contemporánea | |
| 100 | 1 | |a Sartre, Jean-Paul. | |
| 082 | 8 | 4 | |a 843.9 Sa77a25 |
| 653 | |a Literatura | ||
| 653 | |a Literatura francesa-1901- | ||
| 653 | |a Novela francesa-1901- | ||
| 859 | |a AR-BHAM |b BIB. HUMANIDADES - General |h 843.9 |i SA77A25 |p 396.99 |t Ej.1 | ||
